Paris-Nice Cycling Race Winners - Statistics

General Stats
  • This quiz has been taken 8 times
    6 since last reset
  • The average score is 30 of 84
Answer Stats
Year Country Winner % Correct
1971 Belgium Eddy Merckx
100%
1970 Belgium Eddy Merckx
100%
1969 Belgium Eddy Merckx
100%
2026 Denmark Jonas Vingegaard
100%
2023 Slovenia Tadej Pogačar
100%
2022 Slovenia Primoz Roglic
83%
2019 Colombia Egan Bernal
67%
2025 USA Matteo Jorgenson
67%
2024 USA Matteo Jorgenson
67%
1973 France Raymond Poulidor
67%
1972 France Raymond Poulidor
67%
2010 Spain Alberto Contador
50%
2007 Spain Alberto Contador
50%
2003 Kazakhstan Alexandre Vinokourov
50%
2002 Kazakhstan Alexandre Vinokourov
50%
2012 UK Bradley Wiggins
50%
2006 USA Floyd Landis
50%
2016 UK Geraint Thomas
50%
1966 France Jacques Anquetil
50%
1965 France Jacques Anquetil
50%
1963 France Jacques Anquetil
50%
1961 France Jacques Anquetil
50%
1957 France Jacques Anquetil
50%
1955 France Jean Bobet
50%
1952 France Louison Bobet
50%
2021 Germany Max Schachmann
50%
2020 Germany Max Schachmann
50%
1990 Spain Miguel Induráin
50%
1989 Spain Miguel Induráin
50%
2015 Australia Richie Porte
50%
2013 Australia Richie Porte
50%
1988 Ireland Sean Kelly
50%
1987 Ireland Sean Kelly
50%
1986 Ireland Sean Kelly
50%
1985 Ireland Sean Kelly
50%
1984 Ireland Sean Kelly
50%
1983 Ireland Sean Kelly
50%
1982 Ireland Sean Kelly
50%
1967 UK Tom Simpson
50%
2011 Germany Tony Martin
50%
1964 Netherlands Jan Janssen
33%
1979 Netherlands Joop Zoetemelk
33%
1975 Netherlands Joop Zoetemelk
33%
1974 Netherlands Joop Zoetemelk
33%
1997 France Laurent Jalabert
33%
1996 France Laurent Jalabert
33%
1995 France Laurent Jalabert
33%
2009 Spain Luis Leon Sanchez
33%
2018 Spain Marc Soler
33%
2017 Colombia Sergio Henao
33%
1994 Switzerland Tony Rominger
33%
1991 Switzerland Tony Rominger
33%
1993 Switzerland Alex Zülle
17%
1958 Belgium Alfred De Bruyne
17%
1956 Belgium Alfred De Bruyne
17%
2000 Germany Andréas Klöden
17%
2014 Colombia Carlos Alberto Betancur
17%
2008 Italy Davide Rebellin
17%
1998 Belgium Frank Vandenbroucke
17%
1978 Netherlands Gerrie Kneteman
17%
1992 France Jean-François Bernard
17%
1999 Netherlands Michael Boogerd
17%
1981 Ireland Stephen Roche
17%
1933 Belgium Alphonse Schepers
0%
2005 USA Bobby Julich
0%
2001 Italy Dario Frigo
0%
1946 Italy Fermo Camellini
0%
1977 Belgium Freddy Maertens
0%
1934 Belgium Gaston Rebry
0%
1980 France Gilbert Duclos-Lassalle
0%
1959 France Jean Grackzyk
0%
1953 France Jean-Pierre Munch
0%
2004 Germany Jorg Jaksche
0%
1962 Belgium Jozef Planckaert
0%
1938 Belgium Jules Lowie
0%
1939 France Maurice Archambaud
0%
1936 France Maurice Archambaud
0%
1976 France Michel Laurent
0%
1960 Belgium Raymond Impanis
0%
1954 Belgium Raymond Impanis
0%
1935 France Rene Vietto
0%
1951 Belgium Roger Decock
0%
1937 France Roger Lapebie
0%
1968 West Germany Rolf Wolfshohl
0%
No matching quizzes found
Score Distribution
Percent of People with Each Score
Percentile by Number Answered
Your Score History
You have not taken this quiz since the last reset